000 00589nam a2200229Ia 4500
003 OSt
005 20221007071835.0
006 a|||||r|||| 00| 0
007 ta
008 221006b |||||||| |||| 00| 0 eng d
024 _a19,175
037 _cTextual
040 _aFLL
_cFLL
_beng
041 _2eng
_aeng
082 _aZ,55, K7
100 _aFox R.G. Au.
_9689536
245 0 _aConcept of obscenity
260 _aLondon
_bLaw book company limited England
_c1967
300 _a193p
_ccm.
942 _hZ,55, K7
_cTEXL
_2CC
999 _c1144466
_d1144466